Who Scored The Goal? (Türkiye) European Qualifiers 2024 - Statistics

General Stats
  • This quiz has been taken 35 times
  • The average score is 11 of 21
Answer Stats
Matches Scorer % Correct
Croatia - Türkiye30' 0-1 Barış Alper Yılmaz
82%
Armenia - Türkiye64' 1-2 Kerem Aktürkoğlu
82%
Türkiye - Wales 80' 2-0 Arda Güler
76%
Armenia - Türkiye34' 1-1 Orkun Kökçü
76%
Türkiye - Latvia87' 3-0 Kerem Aktürkoğlu
65%
Türkiye - Latvia58' 1-0 Yunus Akgün
65%
Türkiye - Latvia83' 2-0 Cenk Tosun
59%
Türkiye - Latvia90+2' 4-0 Cenk Tosun
59%
Latvia - Türkiye90+5' 2-3 İrfan Can Kahveci
59%
Türkiye - Wales72' 1-0 Umut Nayir
59%
Türkiye - Armenia88' 1-1 Bertuğ Yıldırım
53%
Wales - Türkiye70' 1-1 Yusuf Yazıcı
53%
Türkiye - Croatia20' 0-1 Mateo Kovacic
47%
Türkiye - Croatia45+4' 0-2 Mateo Kovacic
47%
Latvia - Türkiye22' 0-1 Abdülkerim Bardakcı
41%
Armenia - Türkiye10' 1-0 Ozan Kabak (OG)
41%
Latvia - Türkiye61' 1-2 Cengiz Ünder
24%
Wales - Türkiye7' 1-0 Neco Williams
24%
Türkiye - Armenia49' 0-1 Artak Dashyan
18%
Latvia - Türkiye51' 1-1 Eduards Emsis
18%
Latvia - Türkiye90+4' 2-2 Kristers Tobers
18%
No matching quizzes found
Score Distribution
Percent of People with Each Score
Percentile by Number Answered
Your Score History
You have not taken this quiz